00505nam a2200145 a 450000100100000000500170001000800410002704000250006810000320009324500730012525000110019826000520020930000210026158600770028200003652420200930075759.0120119s1968 es 000 0 spa d aDO-SdBNPbspacBNPHU1 aXimenez de Sandoval, Felipe10aCristobal Colón :bevocación del almirante de la mar oceána /. a4a ed. aMadrid :bEdiciones Cultura Hispánica,c1968. a318 p. ;c24 cm. aPremio Virgen del Carmen 1954 de la Presidencia del Consejo de Ministros